000 00823nam a2200241 a 4500
999 _c10731
_d10731
001 10731
003 BD-JhCC
005 20190716134016.0
008 180815s2018 bg a|||| |||| 000 0 ben d
020 _a9847014501275
035 _a(BD-JhCC)10731
040 _aBD-JhCC
_dBD-JhCC
041 _aben
082 _a618.92
_bFAR 2018
100 _aফারিহা, ডা: সালমা
245 _aগর্ভবতী মা ও শিশুর পরিচর্যা /
_cডা: সালমা ফারিহা,
260 _aঢাকা :
_bদি স্কাই পাবলিশার্স,
_c২০১৮.
300 _a৩০৩ পৃ. :
_bচিত্রাবলী,
_c২১ সেমি.
650 _aPediatrics
650 _aChildren Diseases
650 _aPregnant
942 _2ddc
_cBK
_06